| 000 | 01396cam a22003255a 4500 | ||
|---|---|---|---|
| 001 | L143628 | ||
| 008 | 080702e20070911xxk df s 000 0 eng d | ||
| 020 | _a0863422403 | ||
| 035 | _a(Sirsi) u143628 | ||
| 041 | 0 | _aeng | |
| 050 | 0 | 4 | _a711.52 $2 18 |
| 100 | 1 | _aSimmie, James | |
| 245 | 0 | 0 | _aPath dependence and the evolution of city regional economies |
| 260 |
_aOxford _c2007 |
||
| 300 |
_av, 110p. _bill. _c30cm. |
||
| 505 | 2 | _aPath dependence, local innovation systems and absorptive capacity -- The relevance of path dependence for the evolution of city regional economies -- Path creation, path dependence and regional development -- New path creation and the city-region economy: some conceptual issues and an exploratory analysis -- Path creation in city regional economies: the case of the computer and video game industry in Seoul -- Absorptive capacity and innovation outcomes in GB businesses: initial findings | |
| 520 | _aLooks at path dependence and how it affects the development of city regional economies. | ||
| 521 | _aAdvanced | ||
| 651 | 4 |
_aUnited Kingdom _y |
|
| 651 | 4 | _aInternational | |
| 690 |
_aPlanning and development _96259 |
||
| 700 | 1 | _aCarpenter, Juliet | |
| 700 | 1 | _aBoschma, Ron | |
| 700 | 1 | _aChadwick, Andrew | |
| 700 | 1 | _aGarretsen, Harry | |
| 700 | 1 | _aHassink, Robert | |
| 700 | 1 | _aMartin, Ron | |
| 700 | 1 | _aSunley, Peter | |
| 942 | _n0 | ||
| 999 |
_c108236 _d108236 |
||